Statistiques concernant Devinez le prénom - Politiques français

Cliquez ici pour prendre le quiz!

Statistiques générales

  • Ce quiz a été pris 2 546 fois
  • Le résultat moyen est 17 sur 20

Statistiques - réponses

NomPrénom% Correct
MacronEmmanuel
99%
Mitterand ; HollandeFrançois
99%
De GaulleCharles
98%
SarkozyNicolas
98%
Chirac ; Chaban-DelmasJacques
97%
JuppéAlain
96%
Giscard d'EstaingValéry
95%
PompidouGeorges
94%
Philippe ; BalladurEdouard
89%
JospinLionel
89%
CazeneuveBernard
87%
FabiusLaurent
85%
De VillepinDominique
76%
RaffarinJean-Pierre
73%
Rocard ; DebréMichel
73%
Bérégovoy ; MauroyPierre
73%
AyraultJean-Marc
72%
CressonEdith
71%
BarreRaymond
63%
Couve de MurvilleMaurice
27%

Distribution des résultats

Percentile par nombre de réponses

% des personnes avec chaque résultat

Votre développement - résultats

Vous n’avez pas pris ce quiz